Meme Countries - Statistics

General Stats
  • This quiz has been taken 549 times
  • The average score is 14 of 20
Answer Stats
Meme Country % Correct
Guns United States
98%
Pizza Italy
97%
Vodka Russia
96%
Anime Japan
93%
Maple Syrup Canada
91%
Spiders Australia
83%
Social Credit China
81%
PewDiePie Sweden
81%
“Part of China” Taiwan
81%
T-Series India
79%
Kebab Turkey
72%
Swapped with Greenland Iceland
70%
Giga- Chad
67%
Long Chile
66%
Kosovo is __ Serbia
60%
History Germany
56%
Forgotten off the Map New Zealand
51%
The leader North Korea
48%
Come to __ Brazil
43%
Cannot into Space Poland
34%
No matching quizzes found
Score Distribution
Percent of People with Each Score
Percentile by Number Answered
Your Score History
You have not taken this quiz